[Event "Mindsports Open 4th"]
[Site "London"]
[Date "2024.07.18"]
[Round "1.20"]
[White "O`Gorman, Alice"]
[Black "Britton, Richard L"]
[Result "1-0"]
[WhiteElo "2003"]
[BlackElo "2112"]
[PlyCount "63"]
[EventDate "2024.07.18"]
[EventType "swiss"]
[EventRounds "9"]
[EventCountry "ENG"]
[SourceTitle "BritBase"]
[Source "John Saunders"]
[SourceDate "2024.08.27"]
[SourceVersion "1"]
[SourceVersionDate "2024.08.27"]
[SourceQuality "1"]

1. e4 c5 2. Nf3 d6 3. d4 cxd4 4. Nxd4 Nf6 5. Nc3 a6 6. Be2 e5 7. Nb3 Be7 8. Be3 O-O 9. g4 b5 10. g5 Nfd7 11. h4 Bb7 12. Qd2 Nc5 13. f3 Nbd7 14. O-O-O Qc7 15. h5 Nxb3+ 16. axb3 Rac8 17. Kb1 Rfd8 18. Nd5 Bxd5 19. exd5 Bf8 20. Bd3 g6 21. hxg6 fxg6 22. Qh2 Nc5 23. Bxc5 dxc5 24. Bxg6 hxg6 25. Qh8+ Kf7 26. Rh7+ Ke8 27. Rxc7 Rxc7 28. d6 Rg7 29. Qh2 Re7 30. Qh3 e4 31. fxe4 Rxe4 32. d7+ 1-0

[Event "Mindsports Open 4th"]
[Site "London"]
[Date "2024.07.18"]
[Round "1.21"]
[White "Dignam, Matthew"]
[Black "Ethelontis, Alexandros N"]
[Result "1/2-1/2"]
[WhiteElo "2104"]
[BlackElo "2001"]
[PlyCount "102"]
[EventDate "2024.07.18"]
[EventType "swiss"]
[EventRounds "9"]
[EventCountry "ENG"]
[SourceTitle "BritBase"]
[Source "John Saunders"]
[SourceDate "2024.08.27"]
[SourceVersion "1"]
[SourceVersionDate "2024.08.27"]
[SourceQuality "1"]

1. e4 e6 2. d4 d5 3. e5 c5 4. c3 Nc6 5. Nf3 Bd7 6. Be2 Nge7 7. O-O Ng6 8. a3 Rc8 9. b4 cxd4 10. cxd4 Be7 11. g3 f6 12. h4 O-O 13. h5 Nh8 14. Bf4 Qe8 15. Nh2 Nf7 16. Nf3 fxe5 17. dxe5 Nh6 18. Nd4 Nf5 19. Nxf5 Rxf5 20. Bg4 Rf8 21. Qd2 Bd8 22. Nc3 Ne7 23. Rac1 Nf5 24. Rfd1 Bb6 25. h6 Nxh6 26. Bh3 Nf5 27. Ne2 Qg6 28. Rxc8 Rxc8 29. Rc1 Rf8 30. Bxf5 Qxf5 31. Nd4 Qe4 32. Rd1 h6 33. a4 a6 34. a5 Ba7 35. Qe3 Qxe3 36. Bxe3 Rc8 37. Nf5 Ra8 38. Bxa7 Rxa7 39. Nd6 Bc6 40. f4 Ra8 41. Kf2 Kf8 42. Ke3 Ke7 43. Kd4 Rf8 44. Rh1 Kd7 45. Kc5 Kc7 46. Rh4 Bd7 47. Rg4 g5 48. fxg5 hxg5 49. Rxg5 Rf1 50. Rg7 Rc1+ 51. Kd4 Rd1+ 1/2-1/2

[Event "Mindsports Open 4th"]
[Site "London"]
[Date "2024.07.18"]
[Round "1.22"]
[White "Adams, Henry"]
[Black "Verma, Shlok"]
[Result "1/2-1/2"]
[WhiteElo "2000"]
[BlackElo "2102"]
[PlyCount "151"]
[EventDate "2024.07.18"]
[EventType "swiss"]
[EventRounds "9"]
[EventCountry "ENG"]
[SourceTitle "BritBase"]
[Source "John Saunders"]
[SourceDate "2024.08.27"]
[SourceVersion "1"]
[SourceVersionDate "2024.08.27"]
[SourceQuality "1"]

1. d4 d5 2. Nf3 Nf6 3. g3 e6 4. Bg2 c5 5. O-O Nc6 6. c4 dxc4 7. Qa4 cxd4 8. Nxd4 Qxd4 9. Bxc6+ Bd7 10. Rd1 Qxd1+ 11. Qxd1 Bxc6 12. Qc2 Bc5 13. Qxc4 Ne4 14. Nd2 Bxf2+ 15. Kf1 Nxd2+ 16. Bxd2 Bb6 17. Bc3 O-O-O 18. b4 Kb8 19. Bxg7 Rhe8 20. Be5+ Ka8 21. a4 Rc8 22. Qh4 Bd5 23. a5 Be3 24. Qxh7 f6 25. Qd3 Bg5 26. Bd4 Bc4 27. Qf3 Bd5 28. Qf2 a6 29. h4 Bd2 30. Bc5 Bc3 31. Rd1 Rg8 32. Rd3 Be5 33. Re3 Rg4 34. Ke1 Rcg8 35. Kd1 Bxg3 36. Qxf6 Bxh4 37. Qf7 R4g7 38. Qh5 Bf6 39. Rd3 Rg6 40. Kd2 Bg5+ 41. Kd1 Rh6 42. Qf7 Rh1+ 43. Kc2 Rgh8 44. Rxd5 exd5 45. Qxd5 Bf6 46. Qf3 Be5 47. Qe4 Bb8 48. Bd4 Rc8+ 49. Kb3 Rh3+ 50. e3 Rg3 51. Qd5 Ba7 52. Bxa7 Kxa7 53. Ka4 Re8 54. e4 Rg4 55. e5 Rg5 56. Qd4+ Ka8 57. e6 Rgg8 58. Qd7 Rd8 59. Qf7 Rdf8 60. Qh7 Rh8 61. e7 Rc8 62. Qf7 Rhg8 63. Qe6 Kb8 64. Qd6+ Ka8 65. Qd7 Kb8 66. b5 axb5+ 67. Kxb5 Rc6 68. e8=Q+ Rxe8 69. Qxe8+ Ka7 70. Qe3+ Ka8 71. Qd4 Ra6 72. Qd8+ Ka7 73. Kc5 Rc6+ 74. Kd5 Ra6 75. Kc5 Rc6+ 76. Kb5 1/2-1/2

[Event "Mindsports Open 4th"]
[Site "London"]
[Date "2024.07.18"]
[Round "1.23"]
[White "Hill, Alistair"]
[Black "Sooraj, M R"]
[Result "1-0"]
[WhiteElo "2101"]
[BlackElo "1999"]
[PlyCount "61"]
[EventDate "2024.07.18"]
[EventType "swiss"]
[EventRounds "9"]
[EventCountry "ENG"]
[SourceTitle "BritBase"]
[Source "John Saunders"]
[SourceDate "2024.08.27"]
[SourceVersion "1"]
[SourceVersionDate "2024.08.27"]
[SourceQuality "1"]

1. d4 b6 2. e4 Bb7 3. Nc3 e6 4. Bd3 Bb4 5. Nh3 Nf6 6. e5 Bxg2 7. Rg1 Bxh3 8. Qf3 Nc6 9. Qxh3 Nd5 10. a3 Bf8 11. Nxd5 exd5 12. Bg5 Be7 13. Be3 Bf8 14. O-O-O h6 15. f4 Qe7 16. Qf3 O-O-O 17. Qxd5 Qe6 18. Qb5 Ne7 19. Bf2 d5 20. Bh4 g5 21. fxg5 hxg5 22. Bxg5 Rxh2 23. Kb1 c6 24. Qa6+ Kb8 25. Rdf1 c5 26. Rf6 Qh3 27. Rxf7 Qh5 28. Bxe7 Qxf7 29. Bxd8 c4 30. Rf1 cxd3 31. Bc7+ 1-0

[Event "Mindsports Open 4th"]
[Site "London"]
[Date "2024.07.18"]
[Round "1.24"]
[White "Bharat Kumar, Balahari"]
[Black "Liu, Tianyi (Jack)"]
[Result "0-1"]
[WhiteElo "1989"]
[BlackElo "2098"]
[PlyCount "138"]
[EventDate "2024.07.18"]
[EventType "swiss"]
[EventRounds "9"]
[EventCountry "ENG"]
[SourceTitle "BritBase"]
[Source "John Saunders"]
[SourceDate "2024.08.27"]
[SourceVersion "1"]
[SourceVersionDate "2024.08.27"]
[SourceQuality "1"]

1. d4 Nf6 2. c4 g6 3. g3 Bg7 4. Bg2 d5 5. cxd5 Nxd5 6. e4 Nb6 7. Ne2 c5 8. d5 e6 9. O-O O-O 10. Nec3 Na6 11. a4 exd5 12. exd5 Nc4 13. Na3 Nxa3 14. Rxa3 Bf5 15. g4 Bc8 16. Ne4 f5 17. Bg5 Qb6 18. Rb3 Nb4 19. gxf5 Bxf5 20. Be7 Bxe4 21. Bxe4 Rf4 22. Bg2 Re8 23. d6 Rd4 24. Rxb4 Qxb4 25. d7 Ra8 26. Bd5+ Kh8 27. Qf3 Qxa4 28. Bxb7 Qxd7 29. Bxa8 Qxe7 30. Kh1 Bf6 31. b3 Kg7 32. h3 Qd7 33. Be4 Be5 34. Kg2 Qe7 35. Rd1 Qg5+ 36. Kf1 Rxd1+ 37. Qxd1 Bd4 38. Qf3 Qe5 39. Bd5 Qe7 40. Bc4 Qd7 41. Kg2 a5 42. Qa8 Qf5 43. Qb7+ Kh6 44. Qf3 Qg5+ 45. Qg4 Qxg4+ 46. hxg4 Kg5 47. Bg8 h6 48. Bf7 Kf6 49. Be8 g5 50. f3 Ke5 51. Kf1 Be3 52. Ke2 Kd4 53. Bf7 Bf4 54. Be6 Kc3 55. Bf7 Kc2 56. Bg8 Kc3 57. Bf7 c4 58. bxc4 a4 59. c5 a3 60. c6 Kb2 61. Kd3 a2 62. Bxa2 Kxa2 63. Ke4 Kb3 64. Kf5 Kc4 65. Kg6 Kc5 66. c7 Bxc7 67. Kxh6 Bf4 68. Kg6 Kd4 69. Kf5 Ke3 0-1

[Event "Mindsports Open 4th"]
[Site "London"]
[Date "2024.07.18"]
[Round "1.25"]
[White "Brackmann, Hendrik"]
[Black "Kovalskyi, Roman"]
[Result "0-1"]
[WhiteElo "2086"]
[BlackElo "1989"]
[PlyCount "100"]
[EventDate "2024.07.18"]
[EventType "swiss"]
[EventRounds "9"]
[EventCountry "ENG"]
[SourceTitle "BritBase"]
[Source "John Saunders"]
[SourceDate "2024.08.27"]
[SourceVersion "1"]
[SourceVersionDate "2024.08.27"]
[SourceQuality "1"]

1. e4 c5 2. Nf3 g6 3. d4 cxd4 4. Nxd4 Nc6 5. Nc3 Bg7 6. Be3 Nf6 7. Nxc6 bxc6 8. e5 Ng8 9. Bd4 Nh6 10. e6 O-O 11. Bxg7 Kxg7 12. Qd4+ f6 13. exd7 Qxd7 14. O-O-O Qxd4 15. Rxd4 Be6 16. Ba6 Nf5 17. Rd2 Rfd8 18. Rhd1 Rxd2 19. Rxd2 Rb8 20. a3 Kf7 21. Be2 Nd6 22. b3 c5 23. Bf3 a5 24. Bd5 c4 25. Bxe6+ Kxe6 26. Re2+ Kf7 27. Kb2 cxb3 28. cxb3 e5 29. Ne4 Nf5 30. Rc2 Nd4 31. Rc7+ Ke6 32. Rb7 Rxb7 33. Nc5+ Kd5 34. Nxb7 Nc6 35. Kc3 f5 36. b4 axb4+ 37. axb4 Nd4 38. Nd8 e4 39. h4 Nb5+ 40. Kb3 Nd6 41. g3 h6 42. Ka4 g5 43. hxg5 hxg5 44. b5 f4 45. gxf4 gxf4 46. Nc6 e3 47. Nb4+ Ke4 48. fxe3 f3 49. Na2 f2 50. Nc3+ Kd3 0-1

[Event "Mindsports Open 4th"]
[Site "London"]
[Date "2024.07.18"]
[Round "1.26"]
[White "Deepak Ambattu, Rithvik"]
[Black "Govindasamy, Nashlen"]
[Result "0-1"]
[WhiteElo "1978"]
[BlackElo "2081"]
[PlyCount "114"]
[EventDate "2024.07.18"]
[EventType "swiss"]
[EventRounds "9"]
[EventCountry "ENG"]
[SourceTitle "BritBase"]
[Source "John Saunders"]
[SourceDate "2024.08.27"]
[SourceVersion "1"]
[SourceVersionDate "2024.08.27"]
[SourceQuality "1"]

1. e4 c6 2. Nc3 d5 3. Nf3 dxe4 4. Nxe4 Nf6 5. Qe2 Nxe4 6. Qxe4 Qa5 7. Bc4 Bf5 8. Qf4 e6 9. c3 Nd7 10. O-O Qc5 11. b4 Qd6 12. Qxd6 Bxd6 13. d4 h6 14. a4 a5 15. b5 Ke7 16. Ba3 Rhc8 17. Bxd6+ Kxd6 18. Rfc1 c5 19. Rd1 Ke7 20. d5 Nb6 21. d6+ Kf6 22. Bd3 Rd8 23. Bxf5 exf5 24. Nd2 c4 25. Nf1 Rd7 26. Rd4 Rad8 27. Ne3 Rxd6 28. Rf4 Rd3 29. g3 Rxc3 30. Rxf5+ Kg6 31. Rc5 Rc8 32. Rxc8 Nxc8 33. Nd5 Rc2 34. Ne3 Rc3 35. Rd1 Rd3 36. Rxd3 cxd3 37. Nc4 Nb6 38. Ne5+ Kf5 39. Nxd3 Nxa4 40. f3 b6 41. Kf2 Nc3 42. Ke3 Nxb5 43. Nb2 Nd6 44. Kd4 Ke6 45. Na4 b5 46. Nc5+ Ke7 47. Kd5 h5 48. Kc6 a4 49. Nd3 a3 50. Nb4 Ke6 51. Kc5 g5 52. Kc6 Nf5 53. Kc5 Nxg3 54. Kxb5 Nf1 55. h3 Nd2 56. Ka4 Nxf3 57. Kxa3 Ng1 0-1

[Event "Mindsports Open 4th"]
[Site "London"]
[Date "2024.07.18"]
[Round "1.27"]
[White "Sim, Jia Ru"]
[Black "Bird, Joel"]
[Result "1-0"]
[WhiteElo "2077"]
[BlackElo "1975"]
[PlyCount "157"]
[EventDate "2024.07.18"]
[EventType "swiss"]
[EventRounds "9"]
[EventCountry "ENG"]
[SourceTitle "BritBase"]
[Source "John Saunders"]
[SourceDate "2024.08.27"]
[SourceVersion "1"]
[SourceVersionDate "2024.08.27"]
[SourceQuality "1"]

1. e4 e5 2. Nf3 Nc6 3. Nc3 Nf6 4. a3 d5 5. Bb5 dxe4 6. Nxe5 Qd6 7. d4 exd3 8. O-O Bd7 9. Nxd3 O-O-O 10. Bf4 Qd4 11. Re1 Bd6 12. Bxd6 Qxd6 13. Qd2 Nd4 14. Bxd7+ Rxd7 15. Rad1 Rhd8 16. h3 Kb8 17. Qc1 Re7 18. Rxe7 Qxe7 19. Re1 Qf8 20. Ne5 a6 21. Rd1 Qe7 22. Qe3 Nf5 23. Rxd8+ Qxd8 24. Qf4 Nd6 25. Qg5 Qe7 26. f4 Nde8 27. Kh2 h6 28. Qg3 Qe6 29. Qd3 g5 30. g3 Nd6 31. Na4 gxf4 32. gxf4 Nfe4 33. Nc3 Nxc3 34. Qxc3 Qf5 35. Nd3 Qh5 36. Qh8+ Ka7 37. Qe5 Qd1 38. Qd4+ Kb8 39. Qh8+ Ka7 40. Qd4+ Kb8 41. Qh8+ Ka7 42. Qd4+ b6 43. Nb4 Qe2+ 44. Kg1 Ne4 45. Nc6+ Kb7 46. Nd8+ Kc8 47. Nxf7 Qe1+ 48. Kg2 Qg3+ 49. Kf1 Qxf4+ 50. Ke1 Qh4+ 51. Ke2 Qh5+ 52. Ke3 Nc5 53. Qg4+ Qxg4 54. hxg4 Kd7 55. Nxh6 Ke6 56. Kf4 Kf6 57. Ng8+ Kf7 58. Nh6+ Kf6 59. Nf5 Na4 60. g5+ Ke6 61. b3 Nc3 62. g6 Nd5+ 63. Kg5 c5 64. Nh6 Ke5 65. g7 Ne7 66. Ng4+ Ke6 67. Nh6 Ke5 68. Nf7+ Kd4 69. Kf6 Ng8+ 70. Kg6 Ne7+ 71. Kh7 Kc3 72. Nd6 Kxc2 73. Nc8 Nd5 74. Kg6 Nf4+ 75. Kf7 Nd3 76. g8=Q Kxb3 77. Nxb6 c4 78. Kf6 Nb2 79. Ke5 1-0

[Event "Mindsports Open 4th"]
[Site "London"]
[Date "2024.07.18"]
[Round "1.28"]
[White "Merriman, James"]
[Black "Pal, Rohan"]
[Result "1/2-1/2"]
[WhiteElo "1974"]
[BlackElo "2077"]
[PlyCount "136"]
[EventDate "2024.07.18"]
[EventType "swiss"]
[EventRounds "9"]
[EventCountry "ENG"]
[SourceTitle "BritBase"]
[Source "John Saunders"]
[SourceDate "2024.08.27"]
[SourceVersion "1"]
[SourceVersionDate "2024.08.27"]
[SourceQuality "1"]

1. d4 Nf6 2. c4 e6 3. Nc3 d5 4. cxd5 exd5 5. Bg5 c6 6. e3 h6 7. Bh4 Be7 8. Bd3 O-O 9. Qc2 Re8 10. Nge2 a5 11. O-O Na6 12. a3 Nc7 13. f3 Ne6 14. Bf2 b5 15. Kh1 Ba6 16. b4 Bb7 17. Rab1 axb4 18. axb4 Bd6 19. e4 dxe4 20. fxe4 Bc7 21. e5 Nd5 22. Nxd5 Qxd5 23. Nc3 Qd7 24. Rbd1 Nf4 25. Bf5 Qe7 26. Be3 Ne6 27. Ne4 Ra3 28. Bc1 Ra7 29. Rfe1 Rea8 30. Nc5 Nxc5 31. dxc5 Bc8 32. Bxc8 Rxc8 33. e6 fxe6 34. Qg6 Qf7 35. Qxf7+ Kxf7 36. Rd7+ Kg8 37. Bb2 Bb8 38. Rxa7 Bxa7 39. Rxe6 Kf7 40. Rd6 Rc7 41. Kg1 Bb8 42. Rd8 Rb7 43. g3 Kg6 44. Kf2 Rf7+ 45. Ke2 Bc7 46. Re8 Kf5 47. Rg8 Be5 48. Bxe5 Kxe5 49. Rd8 Rf6 50. Ke3 g6 51. h4 h5 52. Rd4 Rf3+ 53. Kxf3 Kxd4 54. Kf4 Kc4 55. Ke5 Kxb4 56. Kd6 Ka5 57. Kxc6 b4 58. Kd6 b3 59. c6 b2 60. c7 b1=Q 61. c8=Q Qd3+ 62. Kc6 Qxg3 63. Qc7+ Qxc7+ 64. Kxc7 Kb5 65. Kd6 Kb6 66. Ke5 Kc6 67. Kf6 Kd6 68. Kxg6 Ke6 1/2-1/2

[Event "Mindsports Open 4th"]
[Site "London"]
[Date "2024.07.18"]
[Round "1.29"]
[White "Verbytski, Oleg"]
[Black "Patel, Zain"]
[Result "1/2-1/2"]
[WhiteElo "2076"]
[BlackElo "1958"]
[PlyCount "168"]
[EventDate "2024.07.18"]
[EventType "swiss"]
[EventRounds "9"]
[EventCountry "ENG"]
[SourceTitle "BritBase"]
[Source "John Saunders"]
[SourceDate "2024.08.27"]
[SourceVersion "1"]
[SourceVersionDate "2024.08.27"]
[SourceQuality "1"]

1. e4 e5 2. Nf3 Nc6 3. Bc4 Nf6 4. d3 Bc5 5. O-O O-O 6. c3 d6 7. b4 Bb6 8. a4 a6 9. a5 Ba7 10. h3 h6 11. Be3 Be6 12. Nbd2 d5 13. exd5 Nxd5 14. Bxd5 Qxd5 15. Bxa7 Rxa7 16. Ne4 Rd8 17. Nc5 Bf5 18. Qe1 b6 19. axb6 cxb6 20. Ne4 Qxd3 21. Ng3 Bxh3 22. Nxe5 Qd5 23. Nf3 Re7 24. Qd1 Qxd1 25. Rfxd1 Rxd1+ 26. Rxd1 Bg4 27. Rd6 Bxf3 28. gxf3 Re6 29. Rd7 Ne5 30. Rd8+ Kh7 31. f4 Nc4 32. Rc8 Nb2 33. f5 Re1+ 34. Kg2 Re7 35. Rc6 Rb7 36. Ne4 a5 37. Nd6 Rb8 38. bxa5 bxa5 39. Ra6 a4 40. c4 Rd8 41. c5 Nd3 42. Nb7 Rc8 43. Rxa4 Rc7 44. Rd4 Nxc5 45. Rc4 Rxb7 46. Rxc5 Rb4 47. Kg3 Re4 48. f3 Re1 49. Rc7 f6 50. Rc2 h5 51. Rc8 Re5 52. Kf4 Ra5 53. Rc4 Kh6 54. Rb4 Ra1 55. Rc4 Rh1 56. Rc8 Rh4+ 57. Kg3 Ra4 58. Rh8+ Kg5 59. Rh7 h4+ 60. Kh3 Rf4 61. Rxg7+ Kxf5 62. Ra7 Rxf3+ 63. Kxh4 Re3 64. Ra1 Kf4 65. Rf1+ Rf3 66. Ra1 Re3 67. Rf1+ Ke5 68. Kg4 Re4+ 69. Kg3 f5 70. Ra1 Kf6 71. Ra3 Kg5 72. Kf3 Rh4 73. Kg3 f4+ 74. Kg2 Rh6 75. Rb3 Kg4 76. Ra3 Rb6 77. Rc3 Rb2+ 78. Kf1 Rh2 79. Ra3 Rh1+ 80. Kf2 Rb1 81. Rc3 Rb4 82. Ra3 f3 83. Ra8 Rb2+ 84. Kf1 Kg3 1/2-1/2

[Event "Mindsports Open 4th"]
[Site "London"]
[Date "2024.07.18"]
[Round "1.30"]
[White "Zhang, Junyi"]
[Black "Payne, Matthew J"]
[Result "0-1"]
[WhiteElo "1957"]
[BlackElo "2067"]
[PlyCount "102"]
[EventDate "2024.07.18"]
[EventType "swiss"]
[EventRounds "9"]
[EventCountry "ENG"]
[SourceTitle "BritBase"]
[Source "John Saunders"]
[SourceDate "2024.08.27"]
[SourceVersion "1"]
[SourceVersionDate "2024.08.27"]
[SourceQuality "1"]

1. e4 e6 2. d4 d5 3. e5 c5 4. c3 Nc6 5. Nf3 Qb6 6. a3 c4 7. Nbd2 Na5 8. g3 Bd7 9. h4 Ne7 10. Bh3 h6 11. h5 O-O-O 12. O-O g6 13. Nh2 Bg7 14. Qf3 Rdf8 15. Ng4 Nf5 16. Ne3 Rhg8 17. Bxf5 gxf5 18. Ng2 f6 19. exf6 Bxf6 20. Nf4 Rg4 21. Re1 Rfg8 22. Ng6 Be8 23. Nf4 Bf7 24. Rb1 Qd6 25. Nf1 Bg5 26. Re5 Nc6 27. Nh2 Nxe5 28. dxe5 Qxe5 29. Nxg4 fxg4 30. Qe3 Qxe3 31. Bxe3 e5 32. Ng2 Bxe3 33. Nxe3 Be6 34. Rd1 Rd8 35. Nc2 Kc7 36. Kf1 Rf8 37. Ke2 Kc6 38. Ne3 Kc5 39. Rd2 Rg8 40. Ng2 Rg5 41. Ke3 Rxh5 42. Nh4 Rg5 43. Rd1 Bf5 44. Nxf5 Rxf5 45. Rd2 Rf3+ 46. Ke2 d4 47. cxd4+ exd4 48. Rd1 d3+ 49. Ke1 Kd4 50. Rd2 Rf5 51. Kd1 c3 0-1

[Event "Mindsports Open 4th"]
[Site "London"]
[Date "2024.07.18"]
[Round "1.31"]
[White "Fellowes, Billy"]
[Black "Dias, Savin"]
[Result "0-1"]
[WhiteElo "2063"]
[BlackElo "1954"]
[PlyCount "163"]
[EventDate "2024.07.18"]
[EventType "swiss"]
[EventRounds "9"]
[EventCountry "ENG"]
[SourceTitle "BritBase"]
[Source "John Saunders"]
[SourceDate "2024.08.27"]
[SourceVersion "1"]
[SourceVersionDate "2024.08.27"]
[SourceQuality "1"]

1. d4 d5 2. Nc3 c5 3. e4 dxe4 4. d5 Nf6 5. Bf4 a6 6. Qe2 Bf5 7. f3 exf3 8. Nxf3 h6 9. Ne5 g5 10. Bg3 Nbd7 11. Nc4 e6 12. Ne3 Qb6 13. dxe6 Bxe6 14. Ned5 Nxd5 15. Nxd5 Qxb2 16. Nc7+ Ke7 17. Rd1 Bg7 18. Bd6+ Kd8 19. Nxa8 Qb4+ 20. Rd2 Bc3 21. Nc7 Bg4 22. Qe3 Bd4 23. Qxd4 Qxd4 24. Rxd4 cxd4 25. Nd5 Re8+ 26. Kd2 Re6 27. Bg3 Nc5 28. Bd3 Nxd3 29. Kxd3 Bf5+ 30. Kxd4 Re4+ 31. Kc5 Re2 32. c4 Rxa2 33. Re1 Be6 34. Rb1 b5 35. Nb4 Rxg2 36. cxb5 axb5 37. Rd1+ Ke7 38. Nd5+ Bxd5 39. Rxd5 f6 40. Rd6 Rb2 41. Rb6 Kf7 42. Kd5 Rd2+ 43. Ke4 Kg6 44. Ke3 Rd5 45. Ke4 Rf5 46. Rb8 Rc5 47. Rb6 h5 48. Bd6 Rc2 49. Rxb5 h4 50. Kf3 Rc3+ 51. Ke4 Rc2 52. Rb6 f5+ 53. Kf3 Rc3+ 54. Ke2 Kh5 55. Rb5 Kg4 56. Rb4+ f4 57. Rb8 Rc2+ 58. Kf1 Rc1+ 59. Kf2 Rc2+ 60. Ke1 Rg2 61. Kf1 Kh3 62. Rb3+ Kxh2 63. Bc5 Rg3 64. Rb2+ Kh3 65. Be7 g4 66. Rb5 Re3 67. Bd6 Kg3 68. Bc5 Rf3+ 69. Kg1 h3 70. Rb2 Rc3 71. Bf2+ Kf3 72. Be1 Rc1 73. Rf2+ Ke4 74. Re2+ Kf3 75. Rf2+ Ke3 76. Kf1 g3 77. Re2+ Kf3 78. Rf2+ Kg4 79. Re2 h2 80. Kg2 f3+ 81. Kh1 fxe2 82. Kg2 0-1

[Event "Mindsports Open 4th"]
[Site "London"]
[Date "2024.07.18"]
[Round "2.1"]
[White "Urkedal, Frode Olav Olsen"]
[Black "Antolak, Julia"]
[Result "1-0"]
[WhiteElo "2551"]
[BlackElo "2333"]
[PlyCount "85"]
[EventDate "2024.07.18"]
[EventType "swiss"]
[EventRounds "9"]
[EventCountry "ENG"]
[SourceTitle "BritBase"]
[Source "John Saunders"]
[SourceDate "2024.08.27"]
[SourceVersion "1"]
[SourceVersionDate "2024.08.27"]
[SourceQuality "1"]

1. d4 Nf6 2. c4 e6 3. Nf3 Bb4+ 4. Bd2 Qe7 5. g3 Bxd2+ 6. Qxd2 Nc6 7. Nc3 d5 8. Ne5 Nxe5 9. dxe5 Nd7 10. cxd5 exd5 11. Nxd5 Qxe5 12. f4 Qd6 13. Qe3+ Kd8 14. O-O-O Re8 15. Qc3 Qc6 16. Qxc6 bxc6 17. Nb4 Re6 18. Bh3 Rh6 19. Bg2 Bb7 20. Rd2 Ke7 21. Rc2 Nb8 22. h4 Rd6 23. Rd1 a5 24. Rxd6 cxd6 25. Nxc6+ Nxc6 26. Bxc6 Bxc6 27. Rxc6 Kd7 28. Rb6 Kc7 29. Rb5 Kc6 30. a4 g6 31. Kd2 f5 32. Kd3 Ra7 33. e3 Ra8 34. h5 Ra7 35. b3 Ra8 36. h6 Kc7 37. e4 fxe4+ 38. Kxe4 Kc6 39. Kd4 Kc7 40. Kd5 Ra7 41. g4 Ra8 42. f5 gxf5 43. gxf5 1-0

[Event "Mindsports Open 4th"]
[Site "London"]
[Date "2024.07.18"]
[Round "2.2"]
[White "Fitzsimons, David"]
[Black "Fernandez, Daniel Howard"]
[Result "0-1"]
[WhiteElo "2320"]
[BlackElo "2525"]
[PlyCount "116"]
[EventDate "2024.07.18"]
[EventType "swiss"]
[EventRounds "9"]
[EventCountry "ENG"]
[SourceTitle "BritBase"]
[Source "John Saunders"]
[SourceDate "2024.08.27"]
[SourceVersion "1"]
[SourceVersionDate "2024.08.27"]
[SourceQuality "1"]

1. e4 e5 2. Nf3 Nc6 3. d4 exd4 4. Nxd4 Qh4 5. Nc3 Bb4 6. Be2 Qxe4 7. Ndb5 Bxc3+ 8. bxc3 Kd8 9. O-O Nge7 10. Re1 a6 11. Nd4 Nxd4 12. cxd4 Qh4 13. Bf3 d6 14. Rb1 Qf6 15. Be3 Rb8 16. Qd2 h6 17. c4 Re8 18. c5 Ng6 19. cxd6 Qxd6 20. g3 Qf6 21. Bg2 b6 22. a4 Bg4 23. Qc3 Re7 24. Rec1 Ke8 25. a5 b5 26. Bd2 Rd8 27. d5 Qxc3 28. Bxc3 Bf5 29. Rb2 Ne5 30. Bb4 Nc4 31. Rb3 Re5 32. f4 Rexd5 33. Re1+ Be6 34. f5 Rxf5 35. Bc6+ Rd7 36. Rd3 Ne5 37. Bxd7+ Nxd7 38. Bc3 g6 39. g4 Rf4 40. h3 Rc4 41. Bd2 h5 42. gxh5 gxh5 43. Bg5 b4 44. Rc1 Rxc1+ 45. Bxc1 Ke7 46. Bf4 c5 47. Bd6+ Kf6 48. Rf3+ Bf5 49. h4 Ke6 50. Bf4 Be4 51. Re3 Kd5 52. Re1 Ne5 53. Rd1+ Nd3 54. Bd2 f5 55. Kf1 Bf3 56. Rb1 Kd4 57. Rb3 Bd1 58. Rb1 Bc2 0-1

[Event "Mindsports Open 4th"]
[Site "London"]
[Date "2024.07.18"]
[Round "2.3"]
[White "Golding, Alex"]
[Black "Lemos, Damian"]
[Result "1-0"]
[WhiteElo "2296"]
[BlackElo "2479"]
[PlyCount "83"]
[EventDate "2024.07.18"]
[EventType "swiss"]
[EventRounds "9"]
[EventCountry "ENG"]
[SourceTitle "BritBase"]
[Source "John Saunders"]
[SourceDate "2024.08.27"]
[SourceVersion "1"]
[SourceVersionDate "2024.08.27"]
[SourceQuality "1"]

1. e4 g6 2. d4 Bg7 3. c4 d6 4. Nc3 Nf6 5. Nf3 O-O 6. Be2 Qe8 7. O-O e5 8. dxe5 dxe5 9. Be3 Na6 10. Nd2 Qe7 11. Nd5 Qd8 12. Qb3 Nd7 13. Qa3 Re8 14. b4 c6 15. Nc3 Nc7 16. c5 Ne6 17. Nc4 Nd4 18. Bd3 Nf6 19. Rad1 Qe7 20. Nd6 Rd8 21. Ne2 Ne8 22. Nxd4 exd4 23. Nxc8 Raxc8 24. Bd2 a6 25. Rfe1 Nc7 26. Qb3 Nb5 27. e5 Kh8 28. f4 f5 29. a4 Nc3 30. Bxc3 dxc3 31. Qxc3 a5 32. Bc4 g5 33. Rd6 gxf4 34. bxa5 Re8 35. Qd3 f3 36. g3 Bxe5 37. Be6 Bxd6 38. cxd6 Rcd8 39. dxe7 Rxd3 40. Bf7 Rd2 41. Kf1 f2 42. Re6 1-0

[Event "Mindsports Open 4th"]
[Site "London"]
[Date "2024.07.18"]
[Round "2.4"]
[White "Kovchan, Alexander"]
[Black "Balaji, Aaravamudhan"]
[Result "1/2-1/2"]
[WhiteElo "2455"]
[BlackElo "2316"]
[PlyCount "57"]
[EventDate "2024.07.18"]
[EventType "swiss"]
[EventRounds "9"]
[EventCountry "ENG"]
[SourceTitle "BritBase"]
[Source "John Saunders"]
[SourceDate "2024.08.27"]
[SourceVersion "1"]
[SourceVersionDate "2024.08.27"]
[SourceQuality "1"]

1. e4 e5 2. Nf3 Nc6 3. Bb5 a6 4. Ba4 Nf6 5. O-O b5 6. Bb3 Bc5 7. c3 d6 8. a4 Rb8 9. d4 Bb6 10. axb5 axb5 11. Na3 O-O 12. Nxb5 Bg4 13. Bc2 Bxf3 14. gxf3 Nh5 15. f4 Nxf4 16. Bxf4 exf4 17. Kh1 Ne7 18. Qh5 Ng6 19. Na3 c5 20. dxc5 Bxc5 21. Nc4 Ne5 22. Nxe5 dxe5 23. b4 Qd2 24. bxc5 Qxc2 25. Qxe5 Rbe8 26. Qxf4 Qxe4+ 27. Qxe4 Rxe4 28. Ra7 Rc4 29. Rc7 1/2-1/2

[Event "Mindsports Open 4th"]
[Site "London"]
[Date "2024.07.18"]
[Round "2.5"]
[White "Lim, Zhuo Ren"]
[Black "Czopor, Maciej"]
[Result "1/2-1/2"]
[WhiteElo "2251"]
[BlackElo "2361"]
[PlyCount "42"]
[EventDate "2024.07.18"]
[EventType "swiss"]
[EventRounds "9"]
[EventCountry "ENG"]
[SourceTitle "BritBase"]
[Source "John Saunders"]
[SourceDate "2024.08.27"]
[SourceVersion "1"]
[SourceVersionDate "2024.08.27"]
[SourceQuality "1"]

1. Nf3 Nf6 2. g3 d5 3. Bg2 c5 4. c4 d4 5. O-O Nc6 6. d3 e5 7. e3 Be7 8. exd4 exd4 9. Re1 O-O 10. Ne5 Nxe5 11. Rxe5 Bd6 12. Re1 h6 13. Nd2 Bg4 14. Bf3 Bxf3 15. Qxf3 Qd7 16. Nb3 Kh7 17. Kg2 Rae8 18. Bf4 Bxf4 19. Qxf4 b6 20. Nd2 Rxe1 21. Rxe1 Re8 1/2-1/2

[Event "Mindsports Open 4th"]
[Site "London"]
[Date "2024.07.18"]
[Round "2.6"]
[White "Janik, Igor"]
[Black "Rocco, Federico"]
[Result "1-0"]
[WhiteElo "2511"]
[BlackElo "2146"]
[PlyCount "97"]
[EventDate "2024.07.18"]
[EventType "swiss"]
[EventRounds "9"]
[EventCountry "ENG"]
[SourceTitle "BritBase"]
[Source "John Saunders"]
[SourceDate "2024.08.27"]
[SourceVersion "1"]
[SourceVersionDate "2024.08.27"]
[SourceQuality "1"]

1. e4 c5 2. Nf3 d6 3. Bb5+ Bd7 4. a4 Nf6 5. d3 e6 6. O-O Be7 7. e5 dxe5 8. Nxe5 O-O 9. Re1 Be8 10. Qf3 Qc8 11. Nc3 Nbd7 12. Bxd7 Nxd7 13. Nc4 Nf6 14. Qg3 Qd8 15. Bh6 Nh5 16. Qh3 Nf6 17. Bg5 Nd5 18. Bxe7 Nxe7 19. Ne4 b6 20. a5 Ng6 21. axb6 axb6 22. Qe3 Bc6 23. Rxa8 Bxa8 24. Ra1 Bd5 25. Nc3 Re8 26. Ne5 Bb7 27. Nxg6 hxg6 28. Qe5 Qd7 29. Ra7 Qc6 30. f3 Ra8 31. Rxa8+ Bxa8 32. Qb8+ Kh7 33. h4 f6 34. Kh2 Bb7 35. Qd8 Bc8 36. Ne4 Bd7 37. Qe7 e5 38. Nd6 b5 39. c4 bxc4 40. dxc4 Kg8 41. b3 Bf5 42. Kg3 e4 43. fxe4 Bd7 44. h5 gxh5 45. Qf7+ Kh7 46. Qxh5+ Kg8 47. Qd5+ Kh7 48. Kf4 Qb6 49. Qh5+ 1-0